<?xml version="1.0" encoding="UTF-8"?>
<record
    xmlns:xsi="http://www.w3.org/2001/XMLSchema-instance"
    xsi:schemaLocation="http://www.loc.gov/MARC21/slim http://www.loc.gov/standards/marcxml/schema/MARC21slim.xsd"
    xmlns="http://www.loc.gov/MARC21/slim">

  <leader>00883nam a2200217 a 4500</leader>
  <controlfield tag="003">DO-SdBNP</controlfield>
  <controlfield tag="005">20211129112639.0</controlfield>
  <controlfield tag="007">ta</controlfield>
  <controlfield tag="008">211014e2018    dr a|||dr6||| 00| f spa d</controlfield>
  <datafield tag="040" ind1=" " ind2=" ">
    <subfield code="a">DO-SdBNP</subfield>
    <subfield code="b">spa</subfield>
    <subfield code="c">BNPHU</subfield>
  </datafield>
  <datafield tag="082" ind1=" " ind2=" ">
    <subfield code="b">C733e</subfield>
  </datafield>
  <datafield tag="245" ind1="1" ind2="0">
    <subfield code="a">Comic educativo para la prevenci&#xF3;n de la trata y tr&#xE1;fico de ni&#xF1;os, ni&#xF1;as y adolescentes /</subfield>
    <subfield code="c">ideas y producci&#xF3;n del texto, Liyana Pav&#xF3;n; ilustraci&#xF3;n Tony N&#xFA;&#xF1;ez</subfield>
  </datafield>
  <datafield tag="260" ind1=" " ind2=" ">
    <subfield code="a">[Santo Domingo] :</subfield>
    <subfield code="b">USAID,</subfield>
    <subfield code="b">Vargas,</subfield>
    <subfield code="c">2018</subfield>
  </datafield>
  <datafield tag="300" ind1=" " ind2=" ">
    <subfield code="a">[12p.] :</subfield>
    <subfield code="b">il. ;</subfield>
    <subfield code="c">28 cm.</subfield>
  </datafield>
  <datafield tag="500" ind1=" " ind2=" ">
    <subfield code="a">Informe de Gesti&#xF3;n Procuradur&#xED;a Especializada contra el Tr&#xE1;fico il&#xED;cito de Migrantes y la Trata de Personas 2015.</subfield>
  </datafield>
  <datafield tag="590" ind1=" " ind2=" ">
    <subfield code="a">Inventariado 2021 / MF</subfield>
  </datafield>
  <datafield tag="700" ind1="1" ind2=" ">
    <subfield code="a">Pav&#xF3;n, Liyana,</subfield>
    <subfield code="e">texto</subfield>
    <subfield code="9">80213</subfield>
  </datafield>
  <datafield tag="700" ind1=" " ind2=" ">
    <subfield code="9">77999</subfield>
    <subfield code="a">N&#xFA;&#xF1;ez, Tony</subfield>
    <subfield code="e">ilustrador</subfield>
  </datafield>
  <datafield tag="710" ind1="1" ind2=" ">
    <subfield code="a"> United States.</subfield>
    <subfield code="b"> Agency for International Development</subfield>
    <subfield code="9">58056</subfield>
  </datafield>
  <datafield tag="942" ind1=" " ind2=" ">
    <subfield code="2">ddc</subfield>
    <subfield code="c">LF2</subfield>
  </datafield>
  <datafield tag="952" ind1=" " ind2=" ">
    <subfield code="0">0</subfield>
    <subfield code="1">0</subfield>
    <subfield code="2">ddc</subfield>
    <subfield code="5">1</subfield>
    <subfield code="7">0</subfield>
    <subfield code="8">PD</subfield>
    <subfield code="a">BNPHU</subfield>
    <subfield code="b">PD</subfield>
    <subfield code="c">HD</subfield>
    <subfield code="d">2018-11-27</subfield>
    <subfield code="e">Dep&#xF3;sito legal / Editora B&#xFA;ho</subfield>
    <subfield code="l">0</subfield>
    <subfield code="o">C733e</subfield>
    <subfield code="p">2021-27380</subfield>
    <subfield code="r">2021-10-14</subfield>
    <subfield code="w">2021-10-14</subfield>
    <subfield code="y">LFPD</subfield>
  </datafield>
  <datafield tag="952" ind1=" " ind2=" ">
    <subfield code="0">0</subfield>
    <subfield code="1">0</subfield>
    <subfield code="2">ddc</subfield>
    <subfield code="5">1</subfield>
    <subfield code="7">0</subfield>
    <subfield code="8">PD</subfield>
    <subfield code="a">BNPHU</subfield>
    <subfield code="b">PD</subfield>
    <subfield code="c">HD</subfield>
    <subfield code="d">2018-11-27</subfield>
    <subfield code="e">Dep&#xF3;sito legal / Editora B&#xFA;ho</subfield>
    <subfield code="l">0</subfield>
    <subfield code="o">C733e</subfield>
    <subfield code="p">2021-27381</subfield>
    <subfield code="r">2021-10-14</subfield>
    <subfield code="t">e.2</subfield>
    <subfield code="w">2021-10-14</subfield>
    <subfield code="y">LFPD</subfield>
  </datafield>
  <datafield tag="952" ind1=" " ind2=" ">
    <subfield code="0">0</subfield>
    <subfield code="1">0</subfield>
    <subfield code="2">ddc</subfield>
    <subfield code="5">6</subfield>
    <subfield code="7">0</subfield>
    <subfield code="8">DS</subfield>
    <subfield code="a">BNPHU</subfield>
    <subfield code="b">GR</subfield>
    <subfield code="c">HD</subfield>
    <subfield code="d">2018-11-27</subfield>
    <subfield code="e">Dep&#xF3;sito legal / Editora B&#xFA;ho</subfield>
    <subfield code="l">0</subfield>
    <subfield code="o">C733e</subfield>
    <subfield code="p">2021-27382</subfield>
    <subfield code="r">2021-10-14</subfield>
    <subfield code="t">e.3</subfield>
    <subfield code="w">2021-10-14</subfield>
    <subfield code="y">LFDS</subfield>
  </datafield>
  <datafield tag="999" ind1=" " ind2=" ">
    <subfield code="c">50751</subfield>
    <subfield code="d">50751</subfield>
  </datafield>
</record>
